000 01513cam a2200481 4500
001 J2342
008 090401t1994 xxu||||| |||| 00| 0 eng d
035 _a(Sirsi) u48512
041 _aeng
050 _a526.9
110 _aFederation International Des Geometres
245 _a... XX congress ... Melbourne, Australia, March 5-12 1994 ... commission 3 ... land information systems.
260 _bFIG
_c1994
300 _aca.350p. : ill. ; 21cm.
350 _a0
520 _aPapers include:- Development of public on-line access to the Land Registry for England and Wales/ SMITH, P.J. - Land information knows no boundaries/ LEONARD, J. & SMITH, N. - Quantitative analyses of thermal infrared satellite data for surveying global changes/ MANSOR, S.B. & CRACKNELL, A. P.
650 _aCANADA
650 _aCAPE TOWN
650 _aCENTRAL EUROPE
650 _aCOASTAL ZONES
650 _aCONFERENCES
650 _aEASTERN EUROPE
650 _aFIJI
650 _aFINLAND
650 _aGIS
650 _aHONG KONG
650 _aLAND INFORMATION SYSTEMS
650 _aHM LAND REGISTRY
650 _aLATIN AMERICA
650 _aMALAYSIA
650 _aMODULAR OPTO-ELECTRONIC MULTISPECTRAL SCANNER
650 _aMOMS-02
650 _aNORWAY
650 _aPUBLIC ON-LINE ACCESS
650 _aSLOVENIA
650 _aSOUTH AFRICA
650 _aSURVEYORS
650 _aSWITZERLAND
650 _aTURKEY
690 _aLAND SURVEYING
942 _n0
948 _c04/03/1997
999 _c92353
_d92353